| 000 | 004490000a22001810004500 | ||
|---|---|---|---|
| 003 | MACL | ||
| 005 | 20151220152558.0 | ||
| 008 | 151220b xxu||||| |||| 00| 0 eng d | ||
| 040 |
_aMACL _cMACL |
||
| 041 | _aEnglish | ||
| 082 | _a610/GEN | ||
| 100 |
_aGeddes & Grosset _921655 |
||
| 245 | _aFamily Medical Companion | ||
| 260 |
_bGeddes & Grosset _c1996 _aU.S.A |
||
| 350 | _a1295 | ||
| 650 |
_aMedical Science _921656 |
||
| 942 |
_cBK _k610/GED _2ddc |
||
| 999 |
_c40331 _d40331 |
||